| 000 | 00340nam a22001337a 4500 | ||
|---|---|---|---|
| 020 | _a0596007949 | ||
| 082 |
_222 _a005.8 |
||
| 100 | _aDhanjan, Nitesh and Clarke, Justin. | ||
| 245 | _aNEtwork security tools / | ||
| 250 | _a1st ed. | ||
| 260 |
_aCalifornia, _bO'Reilly, _cc2005. |
||
| 300 |
_axiii, 324p. ; _bill. ; _c23 cm. |
||
| 942 |
_2ddc _cIT |
||
| 999 |
_c2167 _d2167 |
||